LEADER 01039nas 2200337-a 450 001 996417741103316 005 20240413022952.0 035 $a(CKB)110978978741631 035 $a(CONSER)---91647406- 035 $a(EXLCZ)99110978978741631 100 $a19870102c1986uuuu --- a 101 0 $aeng 181 $ctxt$2rdacontent 182 $cc$2rdamedia 183 $acr$2rdacarrier 200 02$aL'Apache $ean international journal of literature & art 210 $aWofford Heights, CA $cW. Jackson$d[1986- 215 $a1 online resource 300 $aTitle from cover. 311 08$aPrint version: Apache (Wofford Heights, Calif.) 0892-0974 (DLC) 91647406 (OCoLC)15029771 606 $aArts, Modern$y20th century$vPeriodicals 606 $aArts, Modern$2fast$3(OCoLC)fst00818137 608 $aPeriodicals.$2fast 615 0$aArts, Modern 615 7$aArts, Modern. 676 $a700/.5 906 $aJOURNAL 912 $a996417741103316 920 $aexl_impl conversion 996 $aL'Apache$92573435 997 $aUNISA LEADER 01939nam 22004573 450 001 9910163397303321 005 20250717080323.0 010 $a3-95676-614-8 035 $a(CKB)3710000001047601 035 $a(BIP)052179896 035 $a(VLeBooks)9783956766145 035 $a(MiAaPQ)EBC32179809 035 $a(Au-PeEL)EBL32179809 035 $a(OCoLC)1528358232 035 $a(Exl-AI)993710000001047601 035 $a(EXLCZ)993710000001047601 100 $a20250717d2013 uy 0 101 0 $ager 135 $aurcnu|||||||| 181 $ctxt$2rdacontent 182 $cc$2rdamedia 183 $acr$2rdacarrier 200 10$aNovember 205 $a1st ed. 210 1$aMunchen :$cLiese, Andreas. OUTSIDE THE BOX,$d2013. 210 4$dİ2013. 215 $a1 online resource (77 p.) 225 1 $aErotics to Go Series 330 8 $aGustave Flaubert (* 12. Dezember 1821 in Rouen, Haute-Normandie; + 8. Mai 1880 in Canteleu, Haute-Normandie) war ein franzo?sischer Schriftsteller, der vor allem als Romancier bekannt ist. "November" ist Flauberts erstes komplettes Werk. Im ersten Teil der Novelle ist der Erza?hler ein Schuljunge, und die Erza?hlung besteht aus seinen Meditationen u?ber das Leben,sowie seine Sehnsucht nach sexuellem Erwachen und der Anfang seines Lebens. Er empfindet sich selbst als Voyeur, indem er Liebespaaren nachstellt. Im zweiten Teil, verliert der junge Autor seine Jungfra?ulichkeit mit Marie, einer erfahrenen Kurtisane, die ihm ihre perso?nliche Geschichte ihrer erotische Erfahrungen erza?hlt... (Auszug aus Wikipedia) 410 0$aErotics to Go Series 608 $aErotic fiction$7Generated by AI. 608 $aNovellas$7Generated by AI. 676 $a843.84 700 $aFlaubert$b Gustave$0142392 801 0$bMiAaPQ 801 1$bMiAaPQ 801 2$bMiAaPQ 906 $aBOOK 912 $a9910163397303321 996 $aNovember$93587912 997 $aUNINA